Howl's Moving Castle characters Quiz Stats

 Plays Quiz not verified by Sporcle

Challenge
Share
Tweet
Embed
Score 0/15 Timer 05:00
0 Plays Today
Hint Character % Correct
1. Powerful wizard living in IngaryHowell Jenkins/Wizard Howl
96.6%
2. Apprentice at the Hat shop in Market ChippingSophie Hatter
88.6%
6. Fire demon belonging to 1Calcifer
81.2%
11.Evil sorceress banned to the WasteThe Witch of the Waste
67.1%
3. The most beautiful of the Hatter sistersLettie Hatter
65.1%
7. 1's apprentice, orphaned boyMichael Fisher
51%
10. Royal wizard of IngaryBen Sullivan/Wizard Suliman
43.6%
4. Apprentice at Cesari's pastry shopMartha Hatter
42.3%
Hint Character % Correct
8. Disappears after searching for 10Turniphead/Prince Justin
37.6%
9. 8's elder brotherKing of Ingary
35.6%
5. Mr Hatter's second wifeFanny Hatter
32.2%
12. Witch who takes on 3 as apprenticeMrs Fairfax
20.1%
14. English teacher from WalesLily Angorian
18.8%
13. Sorceress who lives in Kingsbury, tutor to 1, 10 and 12Mrs Pentstemmon
13.4%
15. Daughter of 9Princess Valeria
9.4%

You're not logged in!

Compare scores with friends on all Sporcle quizzes.
Join for Free
OR
Log In

You Might Also Like...

Show Comments

Extras

Curator's Pick Sep 14, 2014ReportNominate
Tags:Book Quiz, Young Adult Quiz, castle, character

Top Quizzes Today


Score Distribution

Your Account Isn't Verified!

In order to create a playlist on Sporcle, you need to verify the email address you used during registration. Go to your Sporcle Settings to finish the process.

Report this User

Report this user for behavior that violates our Community Guidelines.

Details: